000 00955nas a2200313 4500
001 BR2012006559
003 BR-BrBNA
005 20231205121306.0
007 ta
008 230509b bl.|||p| |||| 00| 00por d
040 _aBR-BrBNA
_bpor
_cBiblioteca Nacional de Agricultura
041 _a(Pt)
072 _aL74
100 1 _aFeliciano, M.A.R.
100 1 _aLeite, C.A.L.
100 1 _aSilveira, T.
100 1 _aNepomuceno, A.C.
100 1 _aVicente, W.R.R.
245 1 _aDetecção ultra-sonográfica de carcinoma pancreático exócrino com áreas de metástases em uma cadela American Pit Bull Terrier - Relato de caso
650 _aCÃO
650 _aFÊMEA
650 _aCARCINOMA
650 _aNEOPLASIA
650 _aULTRA-SOM
650 _aPÂNCREAS
773 0 _tRevista CFMV (Brazil)
_xISSN 1517-6959
_g(Sep-Dec 2008), v. 14(45) p. 27-30
_wBR2012006559
909 _a202311
_bLúcia
_c55
_dLúcia Elande
942 _2AGRIS
_n0
_cANA
999 _c222786
_d222786